Respect the client's interests (Record no. 78223)

MARC details
000 -LEADER
fixed length control field 00757cab a2200205 4500
001 - CONTROL NUMBER
control field L136275
008 - FIXED-LENGTH DATA ELEMENTS--GENERAL INFORMATION
fixed length control field 070123n2007 000 0 eng u
035 ## - SYSTEM CONTROL NUMBER
System control number (Sirsi) u136275
041 ## - LANGUAGE CODE
Language code of text/sound track or separate title eng
100 1# - MAIN ENTRY--PERSONAL NAME
Personal name Keeble, Simon
245 00 - TITLE STATEMENT
Title Respect the client's interests
260 ## - PUBLICATION, DISTRIBUTION, ETC.
Date of publication, distribution, etc. 2007
490 #0 - SERIES STATEMENT
Series statement Estates Gazette
Volume/sequential designation (0703) 20 January 2007, 120-121(2)
520 ## - SUMMARY, ETC.
Summary, etc. Looks at the competencies, ethics and standards expected of surveyors, giving a summary of the nine core principles and explaining the importance of having guidelines and codes of practice.
590 ## - LOCAL NOTE (RLIN)
Local note KA
650 24 - SUBJECT ADDED ENTRY--TOPICAL TERM
Topical term or geographic name entry element RICS CONDUCT REGULATIONS 2004
651 #4 - SUBJECT ADDED ENTRY--GEOGRAPHIC NAME
Geographic name United Kingdom
Chronological subdivision
690 ## - LOCAL SUBJECT ADDED ENTRY--TOPICAL TERM (OCLC, RLIN)
Topical term or geographic name as entry element MANAGEMENT-BUSINESS MANAGEMENT-PROFESSIONAL PRACTICE-PROFESSIONAL ETHICS
942 ## - ADDED ENTRY ELEMENTS (KOHA)
Suppress in OPAC 0
Holdings
Withdrawn status Lost status Source of classification or shelving scheme Damaged status Not for loan Home library Current library Shelving location Date acquired Total Checkouts Full call number Barcode Date last seen Copy number Price effective from Koha item type
    Dewey Decimal Classification     London London Journal article 23/01/2007   L136275 136275-1001 06/08/2019 1 06/08/2019 Journal article